Die Schenke zum ersten Menschen

Baladická komédia s autobiografickými prvkami

Bibliographic Details
Main Author: Grajchman, Jakub, 1822-1897 (Author)
Format: Manuscript Book
Language:German
Slovak
PhysicalDescription:2 strany, 73 nečíslovaných strán rukopis, viazaný 34 cm
Published: [Hybe] 1860
Subjects:

MARC

LEADER 00000ntmaa2200000 a 4500
001 vtls012070540
003 SK-MaSNL
005 20260301104207.0
008 251021s1860 xo || 000 ddger
035 |a urn:nbn:sk:snk-tm00ggy5 
035 |a urn:nbn:sk:snk-tm3n4pr 
035 |a 3C5AF5EC-7671-4B80-9F9D-252FD094DA13 
040 |a SNKLA  |b slo  |c SNKLA  |e AACR2 
041 0 |a ger  |a slo 
044 |a xo  |c SK 
072 7 |a 821.162.4  |x Slovenská literatúra  |2 konspekt 
072 7 |a 821.112.2  |x Nemecká literatúra, nemecky písaná  |2 konspekt 
080 |a 025.171  |2 2011 
080 |a 821.112.2-2  |2 2011 
080 |a 821.162.4-2  |2 2011 
080 |a (0:82-22)  |2 2011 
100 1 |a Grajchman, Jakub,  |d 1822-1897  |4 aut  |9 256462 
245 1 4 |a Die Schenke zum ersten Menschen  |c verfaßt von Jakob Graichmann 
246 3 3 |a Kto zaplatí nohavice? alebo Dobrá rada stojí groš 
260 |a [Hybe]  |c 1860 
300 |a 2 strany, 73 nečíslovaných strán  |b rukopis, viazaný  |c 34 cm 
500 |a Titul na titulnej strane a na obálke 
500 |a Neskorší slovenský preklad je uložený pod signatúrou 28 E 8 
520 2 |a Baladická komédia s autobiografickými prvkami 
546 |a Napísané nemecky, poznámky ceruzou nemecky a slovensky 
555 0 |a Inventár rukopisov Literárneho archívu Matice slovenskej VII. Fondy 1 - 30. Martin : Matica slovenská 1978 
561 |a Okrúhla pečiatka: Literárny archív Matice slovenskej Martin 
561 |a Okrúhla pečiatka: Matica slovenská Martin Literárny archív 
655 7 |a rukopisy  |2 SNKPH  |9 70548 
655 7 |a nemecké drámy  |2 SNKPH  |9 79399 
655 7 |a slovenské drámy  |2 SNKPH  |9 70606 
655 7 |a divadelné komédie  |2 SNKPH  |9 186013 
852 |a Slovenská národná knižnica  |b Literárny archív 
958 |a OF 
958 |a LAVD 
999 |c 697474  |d 699404 
952 |a SNKLA  |b SNKLA  |c SNKLA_DEP  |y NEVYP  |7 0  |p 17A1229832  |o snk28 F 11  |0 0  |1 0  |4 0  |d 2021-10-01  |f 1  |l 0  |r 2026-02-23 20:46:42  |w 2026-02-23